| 000 | 00636nam a22001937a 4500 | ||
|---|---|---|---|
| 005 | 20170331161033.0 | ||
| 010 | _aENG-117681 | ||
| 020 |
_a9788184845648 _c880.00 |
||
| 035 | _aEN-101213 | ||
| 037 | _bDABD/PUB | ||
| 082 | _a332.63270954 | ||
| 100 | _aGhos, Soheli | ||
| 245 |
_aMutul funds in India/ _cby Soheli Ghosh _ba look into the Past Present and Future / |
||
| 260 |
_aNew Delhi _bRegal Publication _c2016 |
||
| 270 |
_aF-159, Rajouri Garden, _bNew Delhi _e110027 |
||
| 300 |
_axiv,208p : _c22cm(Hb) _bill |
||
| 500 | _aIncludes bibliographical references and index | ||
| 942 |
_2ddc _cEN _h332.63270954 _mGHO |
||
| 999 |
_c138614 _d138614 |
||